| 000 | 00910cab a2200229 4500 | ||
|---|---|---|---|
| 001 | ABS43603 | ||
| 008 | 090401t1990 xxu||||| |||| 00| 0 eng d | ||
| 035 | _a(Sirsi) u42511 | ||
| 041 | _aeng | ||
| 100 | _aBooth, S. | ||
| 245 | _a1990 Cambridge Lecture : GC/Works/1 Edition 3 | ||
| 260 | _c1990 | ||
| 350 | _a0 | ||
| 490 |
_aCivil Engineering Surveyor _v15(9) November 1990, 5-6(2) |
||
| 520 | _aDiscusses edition 3 of GC/Works/1 Conditions of contract. Key amendments include design liability , extension of time no longer allowed for weather conditions , the role of the project manager and the importance of progress meetings . | ||
| 650 | _aMANAGEMENT-DISPUTE AVOIDANCE, MANAGEMENT AND RESOLUTION-DISPUTE MANAGEMENT AND RESOLUTION-ARBITRATION | ||
| 650 | _aPSA | ||
| 650 | _aVARIATION INSTRUCTIONS | ||
| 690 | _aBUILT ENVIRONMENT-BUILDING CONTRACT FORMS | ||
| 942 | _n0 | ||
| 948 | _c04/03/1997 | ||
| 999 |
_c27222 _d27222 |
||